000 00495nam a2200181Ia 4500
008 100920s9999 xx 000 0 und d
082 _b59693
_a--- 0
100 _aबांदोडकर व. पु.
245 _aसूर्यफूल.
260 _b---
_c0
300 _a304
_bसाधी
365 _b140
520 _aकादंबरी.
630 _aसूर्यफूल.
650 _aकादंबरी.
730 _aसूर्यफूल.
942 _cBOOK
999 _c703081
_d703078